000 01622nam a22004337a 4500
999 _c31598
_d31595
001 14808807
003 OSt
005 20190403105904.0
007 ad canzn
008 190403b ||||| |||| 00| 0 eng d
010 _a 2007296514
020 _a9780821368565
020 _a9780821368572 (eISBN)
020 _a0821368567 (DOI)
034 0 _aa
035 _a(OCoLC)ocm85835807
040 _aMMU
_cMMU
_dMMU
_beng
042 _alccopycat
050 0 0 _aG1046.E1
_bW5 2007
052 _a3201
082 0 0 _a338.9/0022/3
_222
110 2 _aWorld Bank.
245 1 0 _aAtlas of global development /
_c[International Bank for Reconstruction and Development/The World Bank].
246 1 _iSubtitle on cover:
_aVisual guide to the world's greatest challenges
255 _aScale not given.
260 _aGlasgow :
_bCollins ;
_aWashington, D.C. :
_bWorld Bank,
_c2007.
300 _a1 atlas (144 p.) :
_bcol. ill., col. maps ;
_c25 cm.
500 _a"[Copyright] ... International Bank for Reconstruction and Development/The World Bank; design [copyright] HarperCollins Publishers"--T.p. verso.
504 _aIncludes bibliographical references and index.
505 0 _aClassification of economies -- Rich and poor -- People -- Education -- Health -- Economy -- Environment -- Statistics.
650 0 _aEconomic indicators
_vMaps.
650 0 _aEconomic development
_vStatistics.
650 0 _aGlobalization
_vStatistics.
650 0 _aPopulation
_vMaps.
650 0 _aSocial indicators
_vMaps.
650 0 _aEnvironmental indicators
_vMaps.
710 2 _aHarperCollins (Firm)
942 _2lcc
_cREFERENCE